000
00302nam a22001217a 4500
008
180522b xxu||||| |||| 00| 0 eng d
041
_a
eng
080
_a
043.3
100
_a
0
101
_a
MK-BTH
245
_a
Pasqyrimi i masakrës së reçakut në mediat ndërkombëtare
_c
Sopa,Xh
942
_2
udc
_c
BK
999
_c
46192
_d
46192